00440 2200181 4500001002100000008004100021035002000062245005000082100002000132250000600152260002900158300001200187084001400199082000800213650001300221990001200234990001200246INLIS000000000000799 ind  a0010-0524000034 aBuku Saku Fisika Kelas XI IPAcSamekto Budi P aBudi P, Samekto a1 aYogyakarta :bAndic2013 a284 hlm a530 SAM f a530 aNonFiksi a0740447 a0740448